000 01355nam a2200349 i 4500
001 000005012
003 DO-SdBNP
005 20260303091738.0
007 ta
008 090729s2000 dr r 001 0 spa d
040 _aDO-SdBNP
_bspa
_cBNPHU
_erda
041 _aspa
082 4 _a364.97293
_bB517c
_222
100 1 _aBernaldo de Quirós Pérez, Constancio,
_d1873-1959
_eautor
_4aut.
_914443
245 1 0 _aCriminología dominicana /
_cConstancio Bernaldo de Quiros.
264 1 _aSanto Domingo :
_bBúho,
_c2000.
300 _a60 páginas ;
_c22 cm.
336 _atexto
_btxt
_2rdacontent
337 _asin mediación
_bn
_2rdamedia
338 _avolumen
_bnc
_2rdacarrier
490 1 _aPensamiento Criminológico Dominicano
490 1 _aMaestros de la Criminología dominicana
_v1
504 _aBibliografía : páginas 59-60.
505 0 _aPresentación --
_tCriminología dominicana --
_tPitaval dominicano: El Comegente --
_tSu vida y obras --
_tBibliografía.
590 _aInventariado, 2018/BT
650 7 _aCriminología
_zRepública Dominicana
_2LIBRUNAM
_917089
650 4 _aConducta criminal
_914444
651 4 _aRepública Dominicana
_xCondiciones sociales
_946
830 0 _aPensamiento Criminológico Dominicano ;
_pMaestros de la criminología dominicana
_n1
_914445
910 _aValidado. Control de calidad. EMS
942 _2ddc
_cIFIM
999 _c4818
_d4818